The Nissan Enigma : Flexibility at Work in a Local Economy

Αποθηκεύτηκε σε:
Λεπτομέρειες βιβλιογραφικής εγγραφής
Κύριος συγγραφέας: Garrahan, Philip
Άλλοι συγγραφείς: Stewart, Paul
Μορφή: Βιβλίο
Γλώσσα:English
Δημοσίευση: London : Mansell, 1993
Θέματα:
Ετικέτες: Προσθήκη ετικέτας
Δεν υπάρχουν, Καταχωρήστε ετικέτα πρώτοι!

MARC

LEADER 00000nam a2200000 i 4500
001 1/59271
008 960122s1993 eng d
020 |a 0-7201-2155-8 
035 |a 1995  |c ΤΣΙΒΑΚΟΥ  |l 10046052 
040 |a GR-MY-UA  |b gre  |e aacr 
041 0 |a eng 
082 0 |a 338.76 
100 1 |a Garrahan, Philip. 
245 1 4 |a The Nissan Enigma :  |b Flexibility at Work in a Local Economy /  |c Philip Garrahan and Paul Stewart 
260 |a London :   |b Mansell,   |c 1993 
300 |a 148 p.;  |c 23 cm.+ 
500 |a Includes bibliographical references and index 
610 1 0 |a Nissan Motor Manufacturing (UK)  |x Employees. 
610 1 0 |a Nissan Motor Manufacturing (UK)  |x Management. 
650 0 0 |a Automobile industry and trade  |z England  |z Sunderland  |x Management. 
650 0 0 |a Automobile industry workers  |z England  |z Sunderland. 
700 1 |a Stewart, Paul. 
852 |a INST  |b SAMOS  |e 19960122  |h 338.76 GAR  |p 005300004990  |q 005300004990  |t BK  |y 0 
909 |a Σ  |b 042005